000 01156nam a2200325 4500
001 0000020755
003 CO-CtgCURN
005 20250329174201.0
007 ta
008 160627s1997 000 0 eng d
020 _a8488986718
040 _aCO-CtgCURN
_bspa
_ccoctgcurn
082 0 _a005.3
_bC15g
100 1 _aCandelos Arnao, Amparo.
245 1 0 _aGuia de acceso al ordenador para personas con discapacidad /
_cAmparo Candeos Arnao, Manuel Lobato Galindo y Elena GarcĂ­a Alvarez.
260 _aMadrid :
_bMinisterio de Trabajo y Asuntos Sociales,
_c1997.
300 _a230 p.
336 _2rdacontent
337 _2rdamedia
_asin mediacion
_bn
338 _2rdacarrier
_avolumen
_bnc
500 _aIncluye glosario de ayudas tecnicas.
504 _aBibliografia (p. 177-179)
505 8 _aEl ordenador y las barreras de acceso.--Alternativas de acceso
650 1 4 _aCircuitos de computadores.
700 1 _aLobato Galindo, Manuel.
908 _a160627
942 _cBK
_h005.3
_iC15g
_2ddc
999 _c8914
_d8914